Statistics for Portmanteau Additions #1

Click here to take the quiz!

General Stats

  • This quiz has been taken 507 times
    (503 since last reset)
  • The average score is 16 of 24

Answer Stats

HintAnswer% Correct
Spoon + Fork =Spork
98%
Europe + Asia =Eurasia
97%
Camera + Recorder =Camcorder
92%
Costume + Play =Cosplay
92%
Male lion + Female tiger =Liger
91%
Oxford + Cambridge =Oxbridge
90%
Brain + Maniac =Brainiac
88%
Information + Commercial =Infomercial
86%
Affluence + Influenza =Affluenza
78%
Labrador Retriever + Poodle =Labradoodle
76%
Hazardous + Material =Hazmat
75%
Motor + Cavalcade =Motorcade
73%
Snide + Remark =Snark
72%
Irrespective + Regardless =Irregardless
68%
Male tiger + Female lion =Tigon
66%
Ronald Reagan + Economics =Reaganomics
65%
America + Track =Amtrak
44%
Taximeter + Cabriolet =Taxicab
43%
Elbridge Gerry + Salamander =Gerrymander
37%
Endogenous + Morphine =Endorphin
33%
Parallax + Second =Parsec
29%
Velour + Crochet =Velcro
26%
Picture + Element =Pixel
25%
Machine + Cinema =Machinima
16%

Score Distribution

Percentile by Number Answered

Percent of People with Each Score

Your Score History

You have not taken this quiz since the last reset